Методика розслідування злочинів, вчинених у сфері реалізації корпоративних прав (Запис № 571117)

МАРК-запис
000 -Лідер
fixed length control field 02617nam a22002417a 4500
003 - Ідентифікатор контрольного номера
control field UA-OsUOA
005 - Дата та час останнього входження (трансакції)
control field 20210805103016.0
008 - Елементи даних фіксованої довжини – загальна інформація
fixed length control field 210805b un ||||| |||| 00| 0 ukr d
040 ## - Джерело каталогізації
Агенція оригінальної каталогізації UA-OsUOA
Мова каталогізації ukr
Агенція, яка здійснювала перезапис UA-OsUOA
Агенція, яка здійснювала модифікацію UA-OsUOA
041 ## - Код мови
Код мови тексту/ звукової доріжки чи окремого заголовка (П) ukr
080 ## - Індекс Універсальної десяткової класифікації
Індекс Універсальної десяткової класифікації (УДК) (НП) 343.98:343.35
090 ## - Локальний шифр розміщення
Класифікаційний індекс УДК 343.98:343.35
095 ## - Код спеціальності для авторефератів
Код спеціальності 12.00.09
Назва спеціальності кримінальний процес та криміналістика , судова експериза
100 ## - Основне введення – ім’я особи
Ім’я особи (НП) Сабадаш В. П.
245 ## - Відомості про назву
Назва (НП) Методика розслідування злочинів, вчинених у сфері реалізації корпоративних прав
Дані про відповідальність (НП) Сабадаш Віктор Петрович ; наук. керівник Ахтирська Наталя Миколаївна
260 ## - Публікація, розповсюдження і т.п. (Вихідні дані)
Місце публікації, розповсюдження і т.п. (П) Київ
Дата публікації, розповсюдження і т.п. (П) 2003
300 ## - Фізичний опис
Обсяг 18 с.
502 ## - Примітка про дисертацію
Зв'язок Автореферат дисертації на здобуття наукового ступеня кандидата юридичних наук<br/>
Наймення інституції, що представляється Київський національний університет імені Тараса Шевченка
Рік отримання вченого ступеня 2003
520 ## - Резюме і т.п.
Резюме, реферат, анотація, тощо (НП) Рукопис є дослідженням на монографічному рівні методики розслідування злочинів, вчинених у сфері реалізації корпоративних прав. У роботі вивчені та узагальнені елементи криміналістичної характеристики корпоративних злочинів: способи злочинів, зокрема при приватизації<br/>державного майна, способи розкрадань та супутні йому злочини, що здійснюються шляхом заснування інвестиційної фірми (страхової компанії, довірчого товариства, підприємства Селенгу тощо) та залучення інвесторів (вкладників грошів) з наступним присвоєнням їх коштів. Наведено класифіковану систему злочинів, які вчиняються у сфері реалізації корпоративних прав, а також розроблено методику виявлення та розслідування злочинів, вчинених у сфері реалізації корпоративних прав.
650 ## - Додаткове предметне введення – тематичний термін
Джерело заголовка чи терміна UDC
Тематичний термін чи географічна назва, як елемент введення (НП) 343 Кримінальне право. Карні порушення
942 ## - Додаткові елементи входу (Коха)
Source of classification or shelving scheme Universal Decimal Classification
Тип елемента Koha Автореферат
955 ## - Код типу видання за змістом
Код типу видання за змістом (НП) Наукові видання

Немає доступних примірників.